Krajiny Najbližšie k Slovensku - Jednominútový sprint - Statistics

General Stats
  • This quiz has been taken 5 times
  • The average score is 10 of 20
Answer Stats
km krajina % Correct
0 Poľsko
100%
0 Česko
75%
0 Maďarsko
75%
224 Nemecko
75%
0 Rakúsko
75%
71 Rumunsko
75%
142 Slovinsko
75%
502 Švajčiarsko
75%
0 Ukrajina
75%
539 Rusko
50%
189 Srbsko
50%
304 Taliansko
50%
267 Bielorusko
25%
282 Bosna a Hercegovina
25%
497 Bulharsko
25%
168 Chorvátsko
25%
556 Lichtenštajnsko
25%
321 Moldavsko
25%
468 Čierna Hora
0%
527 Kosovo
0%
No matching quizzes found
Score Distribution
Percent of People with Each Score
Percentile by Number Answered
Your Score History
You have not taken this quiz